Pierwiastki chemiczne, których (pewnie) nie znasz - Statystyki

Ogólne statystyki
  • Ten quiz został rozwiązany 166 razy
  • Średni wynik to 9 z 12
Statystyki odpowiedzi
Symbol Pierwiastek % Poprawnych
Al Glin
93%
Cu Miedź
92%
Zn Cynk
91%
Xe Ksenon
91%
Mn Mangan
91%
Po Polon
86%
Sb Antymon
66%
At Astat
64%
Es Einstein
61%
Hf Hafn
59%
Fl Flerow
32%
Rg Rtęć
27%
Nie znaleziono quizów pasujących do podanych kryteriów
Rozkład punktacji
Procent ludzi z każdym wynikiem
Percentyl według liczby udzielonych odpowiedzi
Twoja historia wyników
Nie rozwiązałeś tego quizu